[Event "Charlotte Spring-B 2022"]
[Site "Charlotte"]
[Date "2022.03.18"]
[Round "4.4"]
[White "Arjun, Vishnuvardhan"]
[Black "Johnson, Donald"]
[Result "1-0"]
[WhiteElo "2268"]
[BlackElo "2060"]
[Annotator "ChessBase"]
[PlyCount "57"]
[EventDate "2022.03.16"]
[EventType "tourn"]
[EventCountry "USA"]
[SourceTitle "playchess.com"]
[Source "ChessBase"]
[SourceQuality "1"]
[TimeControl "5400+30"]

1. b4 {[%emt 0:10:07]} c6 {[%emt 0:02:23]} 2. e3 {[%emt 0:01:05]} Qb6 {[%emt 0:00:37]} 3. a3 {[%emt 0:02:14]} a5 {[%emt 0:00:09]} 4. b5 {[%emt 0:01:07]} cxb5 {[%emt 0:02:33]} 5. Nc3 {[%emt 0:00:08]} b4 {[%emt 0:00:19]} 6. axb4 {[%emt 0:06:10]} Qxb4 {[%emt 0:00:06]} 7. Ba3 {[%emt 0:09:26]} Qb6 {[%emt 0:02:21]} 8. Nd5 {[%emt 0:01:39]} Qc6 {[%emt 0:01:53]} 9. e4 {[%emt 0:01:31]} Na6 {[%emt 0:06:59]} 10. Nf3 {[%emt 0:24:04]} Qg6 {[%emt 0:10:04]} 11. Bd3 {[%emt 0:01:51]} e6 {[%emt 0:13:13]} 12. Bxf8 {[%emt 0:03:58]} Kxf8 {[%emt 0:01:11]} 13. Nb6 {[%emt 0:00:29]} Rb8 {[%emt 0:00:51]} 14. Rxa5 {[%emt 0:07:28]} Qxg2 {[%emt 0:08:59]} 15. Rg1 {[%emt 0:00:43]} Qh3 {[%emt 0:00:24]} 16. Rg3 {[%emt 0:00:23]} Qh6 {[%emt 0:00:19]} 17. Qb1 {[%emt 0:00:26]} Qf4 {[%emt 0:04:35]} 18. Nxc8 {[%emt 0:05:15]} Rxc8 {[%emt 0:05:56]} 19. Qxb7 {[%emt 0:00:18]} Rb8 {[%emt 0:01:25]} 20. Qxa6 {[%emt 0:00:12]} Nf6 {[%emt 0:00:07]} 21. e5 {[%emt 0:02:25]} Ne4 {[%emt 0:01:06]} 22. Ra4 {[%emt 0:01:49]} f5 {[%emt 0:02:56]} 23. Bxe4 {[%emt 0:01:46]} Rb1+ {[%emt 0:00:16]} 24. Ke2 {[%emt 0:00:03]} g5 {[%emt 0:00:54]} 25. Qd6+ {[%emt 0:00:48]} Ke8 {[%emt 0:00:15]} 26. Ra8+ {[%emt 0:00:03]} Kf7 {[%emt 0:00:03]} 27. Qxd7+ {[%emt 0:00:14]} Kg6 {[%emt 0:00:04]} 28. Qxe6+ {[%emt 0:00:24]} Kh5 {[%emt 0:00:02]} 29. Rxg5+ {[%emt 0:00:12]} 1-0

[Event "Charlotte Spring-B 2022"]
[Site "Charlotte"]
[Date "2022.03.18"]
[Round "4.5"]
[White "Adewumi, Tanitoluwa"]
[Black "Poliannikov, Danila"]
[Result "1-0"]
[WhiteElo "2190"]
[BlackElo "2273"]
[Annotator "ChessBase"]
[PlyCount "79"]
[EventDate "2022.03.16"]
[EventType "tourn"]
[EventCountry "USA"]
[SourceTitle "playchess.com"]
[Source "ChessBase"]
[SourceQuality "1"]
[TimeControl "5400+30"]

1. d4 {[%emt 0:00:04]} Nf6 {[%emt 0:00:03]} 2. c4 {[%emt 0:00:10]} c5 {[%emt 0:00:03]} 3. d5 {[%emt 0:00:05]} e6 {[%emt 0:00:02]} 4. Nc3 {[%emt 0:00:06]} exd5 {[%emt 0:00:02]} 5. cxd5 {[%emt 0:00:07]} d6 {[%emt 0:00:01]} 6. e4 {[%emt 0:00:07]} g6 {[%emt 1:33:19]} 7. Be2 {[%emt 0:00:05]} Bg7 {[%emt 0:00:00]} 8. Be3 {[%emt 0:00:17]} O-O {[%emt 0:00:00]} 9. Nf3 {[%emt 0:00:06]} Bg4 {[%emt 0:00:00]} 10. Nd2 {[%emt 0:00:09]} Bxe2 {[%emt 0:00:00]} 11. Qxe2 {[%emt 0:00:01]} Qe7 {[%emt 0:00:00]} 12. O-O {[%emt 0:02:14]} Nbd7 {[%emt 0:00:00]} 13. Rae1 {[%emt 0:02:20]} a6 {[%emt 0:00:00]} 14. a4 {[%emt 0:00:01]} Ne8 {[%emt 0:00:00]} 15. f4 {[%emt 0:11:59]} Nc7 {[%emt 0:00:00]} 16. e5 {[%emt 0:19:43]} dxe5 {[%emt 0:00:00]} 17. Nde4 {[%emt 0:02:51]} exf4 {[%emt 0:00:00]} 18. Bxf4 {[%emt 0:00:02]} Ne8 {[%emt 0:00:00]} 19. Qd2 {[%emt 0:25:39]} Qd8 {[%emt 0:06:30]} 20. Kh1 {[%emt 0:07:12]} Nef6 {[%emt 0:00:00]} 21. Bd6 {[%emt 0:10:02]} Re8 {[%emt 0:00:00]} 22. Qf4 {[%emt 0:00:58]} Kh8 {[%emt 0:00:00]} 23. Bc7 {[%emt 0:01:01]} Qe7 {[%emt 0:00:00]} 24. Bd6 {[%emt 0:02:42]} Qd8 {[%emt 0:00:00]} 25. Ng5 {[%emt 0:03:45]} Kg8 {[%emt 0:00:00]} 26. Bc7 {[%emt 0:00:09]} Rxe1 {[%emt 0:00:00]} 27. Rxe1 {[%emt 0:00:34]} Qf8 {[%emt 0:00:00]} 28. Bd6 {[%emt 0:04:11]} Nh5 {[%emt 0:00:00]} 29. Qf1 {[%emt 0:07:34]} Qxd6 {[%emt 0:00:00]} 30. Qxf7+ {[%emt 0:00:25]} Kh8 {[%emt 0:00:00]} 31. Nce4 {[%emt 0:00:26]} Qf4 {[%emt 0:00:49]} 32. Qxd7 {[%emt 0:00:28]} Rf8 {[%emt 0:00:01]} 33. g3 {[%emt 0:00:34]} Qf5 {[%emt 0:01:27]} 34. Qxf5 {[%emt 0:00:01]} gxf5 {[%emt 0:00:22]} 35. Nxc5 {[%emt 0:00:06]} Bf6 {[%emt 0:03:58]} 36. Nge6 {[%emt 0:00:17]} Rb8 {[%emt 0:01:01]} 37. d6 {[%emt 0:00:12]} Ng7 {[%emt 0:00:05]} 38. d7 {[%emt 0:00:48]} Kg8 {[%emt 0:01:16]} 39. Nxg7 {[%emt 0:00:13]} Kxg7 {[%emt 0:00:23]} 40. Re8 {[%emt 0:00:45]} 1-0

[Event "Charlotte Spring-B 2022"]
[Site "Charlotte"]
[Date "2022.03.19"]
[Round "5.1"]
[White "Poliannikov, Danila"]
[Black "Wang, Tianqi"]
[Result "1-0"]
[WhiteElo "2273"]
[BlackElo "2322"]
[Annotator "TA"]
[PlyCount "81"]
[EventDate "2022.03.16"]
[EventType "tourn"]
[EventCountry "USA"]
[SourceTitle "playchess.com"]
[Source "ChessBase"]
[SourceQuality "1"]

{[%evp 20,81,16,4,3,-2,8,0,3,-60,72,95,89,80,63,85,194,54,56,39,81,75,70,70,53,0,26,19,32,18,32,8,123,122,310,244,319,328,303,81,89,10,6,12,21,13,401,381,611,430,732,147,147,158,158,166,166,132,149,142,1358,1202,508,482]} 1. e4 c5 2. Nf3 Nc6 3. d4 cxd4 4. Nxd4 g6 5. c4 Nf6 6. Nc3 d6 7. Nc2 Bg7 8. Be2 O-O 9. O-O Nd7 10. Bd2 Nc5 11. b4 {[%cal Bb2b4,Bb4b5][%mdl 32]} Bxc3 {B37: Sicilian: Maroczy Bind with 5...Bg7, sidelines.} 12. Bxc3 Nxe4 13. Bb2 e5 {[#] The position is equal. The main line 13...e5 scores better than 13...Be6.} 14. Kh1 $146 (14. Bd3 $11 Nf6 15. b5) ({Predecessor:} 14. Bf3 f5 15. Qd5+ Rf7 16. Rad1 Ng5 17. Be2 Be6 18. Qxd6 Rd7 19. Qc5 Ne4 20. Qe3 {½-½ (75) Svidler,P (2723)-Vidit,S (2726) chess24.com INT 2020}) 14... a5 (14... Qb6 $15 {keeps the upper hand.} 15. Qe1 Bf5) 15. f3 $16 Nf6 16. b5 Ne7 17. f4 Ne4 (17... Bf5 $16) 18. fxe5 (18. Bf3 $1 $18 {[%cal Rf3e4]} f5 19. fxe5 dxe5 20. Bxe4 (20. Bxe5 Qxd1 21. Raxd1 Be6 $11) 20... Qxd1 21. Raxd1 (21. Rfxd1 fxe4 22. Bxe5 Be6 $11) 21... fxe4 22. Rxf8+ (22. Bxe5 Be6 $11) 22... Kxf8 23. Rd8+ (23. Bxe5 Be6 $11) 23... Kf7 24. Bxe5) 18... dxe5 $14 19. Bxe5 Nf5 (19... Re8 $14) 20. Qxd8 $16 Rxd8 21. Bf3 $1 Re8 22. Bb2 (22. Bxe4 Rxe5 23. Rfe1 Nd6 $11) (22. Bc7 $14) 22... b6 (22... Nd2 23. Rfe1 Rxe1+ 24. Rxe1 $16) 23. Rad1 Bb7 24. Rd7 Rab8 25. Nd4 {[%cal Bc2d4,Bd4f5,Bf5h6][%mdl 32]} Nc5 (25... Nh4 $11) 26. Nxf5 Nxd7 $2 (26... gxf5 $16 27. Rc7 Bxf3 28. gxf3 Re6) 27. Nh6+ $18 Kf8 28. Bxb7 {[%csl Gh6][%cal Rf1f7] This bishop pair is nice.} Re2 29. Ba3+ (29. Rxf7+ Ke8 30. Bc3 Rxb7 31. Rxh7 Rc2 $17) (29. Bc6 $18 f5 30. Bc3 (30. Bxd7 Rxb2 31. Ng4 Rxa2 $11)) 29... Kg7 $16 {[#]} 30. Bc6 ({Don't blunder} 30. Rxf7+ $2 Kxh6 31. h4 (31. Bc1+ $2 g5 $19) 31... Rxb7 $19) (30. Bf3 $1 $16 {[%cal Rf3e2]} Rxa2 31. Bc1) 30... Ne5 $1 $132 {[%mdl 2048] [#] Black puts up resistance} ({Not} 30... Kxh6 31. Bxd7 Rxa2 32. Bc1+ Kg7 33. Bf4 $18) 31. Bd6 $1 Nxc6 32. bxc6 Rc8 {[%mdl 8192]} (32... Rbe8 $11 {and Black stays safe.}) 33. Nxf7 $18 {Be5+ is the strong threat.} Rce8 {Inhibits Be5+.} (33... Rxc6 34. Be5+ Rxe5 35. Nxe5 Re6) 34. c5 bxc5 (34... Rf2 $142 35. Kg1 Rxf1+ 36. Kxf1 bxc5) 35. Be5+ $2 R2xe5 $16 36. Nxe5 Rxe5 {KR-KR} 37. c7 Re8 {[#]} 38. Rc1 $1 {Strongly threatening Kg1.} Rc8 39. Rxc5 {Threatens to win with Kg1. White is more active.} a4 $2 {[%mdl 8192]} (39... Kf6 $16 40. h4 Ke6) 40. Kg1 $18 Kf6 41. Kf2 {Weighted Error Value: White=0.57/Black=0.65} 1-0

[Event "Charlotte Spring-B 2022"]
[Site "Charlotte"]
[Date "2022.03.19"]
[Round "5.2"]
[White "Johnson, Donald"]
[Black "Adewumi, Tanitoluwa"]
[Result "0-1"]
[WhiteElo "2060"]
[BlackElo "2190"]
[Annotator "TA"]
[PlyCount "120"]
[EventDate "2022.03.16"]
[EventType "tourn"]
[EventCountry "USA"]
[SourceTitle "playchess.com"]
[Source "ChessBase"]
[SourceQuality "1"]

{[%evp 9,120,12,35,11,10,12,14,-6,0,0,35,0,14,29,56,6,41,15,61,62,69,58,64,58,95,42,46,41,52,51,46,42,55,60,48,45,108,12,12,13,30,14,15,18,82,81,70,70,81,89,76,78,89,66,89,-6,-3,0,-6,-5,-4,-4,-3,-3,-3,-4,-4,-2,0,-8,0,0,0,-3,-3,-118,-118,-118,-118,-99,-77,-87,-92,-1227,-1250,-1153,-982,-750,-475,-29970,-29965,-29979,-29980,-29980,-29981,-29981,-29982,-29982,-29983,-29983,-29984,-29984,-29985,-29985,-29983,-29986,-29987,-29987,-29988,-29988,-29989,-29989,-29990]} 1. e4 c5 2. Nf3 e6 3. g3 Nc6 4. Bg2 Nf6 5. Qe2 Qc7 6. O-O {B40: Sicilian: 2...e6, Unusual lines.} Be7 7. c3 d5 8. e5 {The position is equal.} Nd7 {[%cal Rd7e5]} 9. d4 b6 10. Rd1 (10. Na3 $5 {[%cal Ra3b5]}) 10... Bb7 {[#]} 11. Na3 $146 ({Predecessor:} 11. Bf4 h6 12. h4 O-O-O 13. Na3 a6 14. c4 Nb4 15. cxd5 Nxd5 16. Bd2 Kb8 17. Rac1 {½-½ (33) Liang,J (2351)-Prasanna Raghuram,R (2435) Dulles 2021}) 11... cxd4 12. cxd4 ({White should play} 12. Nb5 $14 Qb8 13. cxd4) 12... a6 (12... Bxa3 $5 13. bxa3 O-O $14) 13. Bg5 Bf8 (13... b5 $11) 14. Rac1 $14 b5 15. Nc2 h6 16. Be3 a5 17. Qxb5 (17. Nh4 $16) 17... Ba6 18. Qb3 Bc4 19. Qc3 Bb4 20. Nxb4 axb4 21. Qc2 {And now b3 would win.} Rxa2 22. Nd2 {Prevents b3.} Nb6 ({Black should try} 22... Bb5 $14) 23. Nxc4 (23. Bf1 $1 $16 {[%cal Rd2c4]} b3 24. Nxb3) 23... Nxc4 $11 24. Bf1 N6a5 (24... Rxb2 $2 25. Qa4 Qd7 26. Bxc4 dxc4 27. Rxc4 $18) (24... Nxb2 $2 25. Rd2 (25. Bb5 O-O $14) 25... O-O 26. Qxc6 $18) 25. Ra1 b3 ({Don't play} 25... Rxb2 26. Qa4+ Ke7 27. Bc1 $14) 26. Qc3 $36 {[%mdl 2048] White is more active.} Rxa1 (26... O-O $11 {keeps the balance.}) 27. Rxa1 $16 {aiming for Bxc4.} O-O 28. Bd2 {[%cal Ra1a5]} Nc6 29. Bxc4 dxc4 30. Qxc4 Qb7 31. Bc3 Rc8 {[%cal Oc6e5]} 32. d5 (32. Qa6 $16 Qd7 33. Ra4) 32... Ne7 $11 {[%csl LRc4,LRd5]} 33. Qb4 Qxb4 34. Bxb4 Nxd5 {[%mdl 4096] Endgame KRB-KRN} 35. Ba3 g5 36. Rd1 Kg7 37. Rd3 Rb8 38. Bd6 Rb6 39. h3 Rb5 40. Kg2 Nb6 41. Rd4 Nd7 42. Rb4 (42. Rd3 $11) 42... Rxb4 $17 43. Bxb4 {[#] KB-KN} Kg6 $1 44. Bc3 Kf5 {White must now prevent ...Ke4.} 45. Kf3 Nxe5+ 46. Bxe5 $2 {[%mdl 8192] This move loses the game for White.} (46. Ke3 $17) 46... Kxe5 {KP-KP} 47. Ke3 f5 {[%cal Bf7f5,Bf5f4,Bf4f3][%mdl 32]} 48. Kd3 f4 {...h5 is the strong threat.} 49. h4 (49. Kc3 $19 Ke4 50. Kxb3) 49... f3 {Black mates.} 50. hxg5 hxg5 51. Kc4 Ke4 52. Kc3 g4 53. Kc4 e5 {[%cal Be6e5,Be5e4,Be4e3,Be3f2][%mdl 32]} 54. Kc3 {[#]} Kd5 $1 55. Kd3 e4+ 56. Ke3 Ke5 57. Kd2 Kd4 58. Ke1 Kd3 59. Kd1 e3 60. Ke1 exf2+ {Weighted Error Value: White=0.38/Black=0.16 (very precise)} 0-1

[Event "Charlotte Spring-B 2022"]
[Site "Charlotte"]
[Date "2022.03.19"]
[Round "5.3"]
[White "Rusonik, Max"]
[Black "Arjun, Vishnuvardhan"]
[Result "0-1"]
[WhiteElo "2141"]
[BlackElo "2268"]
[Annotator "TA"]
[PlyCount "100"]
[EventDate "2022.03.16"]
[EventType "tourn"]
[EventCountry "USA"]
[SourceTitle "playchess.com"]
[Source "ChessBase"]
[SourceQuality "1"]

{[%evp 9,100,31,43,33,30,40,41,29,18,8,2,-8,0,-43,-39,-37,-32,-29,6,8,35,20,22,28,37,23,66,60,62,66,50,24,127,0,25,0,0,0,0,0,13,-19,-12,-18,-10,-15,-10,-16,0,-46,-45,-67,-69,-66,-54,-57,-60,-62,-62,-61,-53,-149,-40,-93,-93,-93,-87,-93,-92,-168,-134,-312,-230,-810,-809,-737,-671,-12837,-12837,-12840,-12841,-12841,-12841,-12842,-12842,-12843,-12844,-12845,-12844,-12845,-12844,-12844,-3311]} 1. e4 g6 2. d4 Bg7 3. Nc3 d6 4. Be3 a6 5. g4 b5 6. Bg2 {[%cal Oe4e5] B06: Modern Defence.} Bb7 7. h4 h6 {[#]} 8. Nh3 $146 {White is slightly better.} ({Predecessor:} 8. h5 g5 9. Nge2 Nd7 10. Ng3 e6 11. f4 gxf4 12. Bxf4 Nb6 13. Qd3 Nf6 14. g5 {0-1 (41) Dominguez Perez,L (2758)-Artemiev,V (2704) chess24.com INT 2021}) 8... Nd7 9. g5 hxg5 10. hxg5 c5 11. Ne2 (11. Qd2 $11 {should be considered.}) 11... Qa5+ (11... cxd4 {keeps more tension.} 12. Bxd4 e5 13. Be3 Nc5 14. f3 Ne7) 12. Qd2 Qxd2+ 13. Kxd2 Rc8 14. c3 Nb6 15. b3 {To avoid Nc4+} e6 16. Nhf4 Rxh1 17. Rxh1 e5 (17... Ne7 $11 {was preferrable.}) 18. dxe5 Bxe5 19. Nd3 Bg7 $1 20. Nef4 Nd7 (20... Ne7 $11) 21. Rc1 (21. Rh7 $16 Kf8 22. Bh3) 21... a5 22. Nd5 Ne7 23. Bf4 c4 24. bxc4 bxc4 {[#] Threatens to win with ...Nxd5.} 25. Ne1 Bxd5 26. exd5 Nb6 27. Bxd6 Nbxd5 28. Bxe7 Nxe7 29. Nc2 (29. Rb1 $11) 29... Rd8+ $15 30. Ke2 Bxc3 {...Rd2+ is the strong threat.} 31. Ne3 {[%csl LRc3,LRc4]} Rd2+ 32. Kf1 Bd4 {Strongly threatening ...Bxe3.} 33. Rxc4 Bxe3 34. fxe3 Rxa2 {[%mdl 4096] Endgame White must now prevent ...Nf5. KRB-KRN} 35. Rc7 {[#]} (35. Be4 $15) 35... Rb2 (35... Nf5 $1 $17 {[%cal Rf5e3]} 36. Bc6+ Kf8 37. Rxf7+ Kxf7 38. Bd5+ Kg7 39. Bxa2 Ng3+ 40. Ke1 Ne4) 36. Ra7 ({White should play} 36. Rc5 $1 $15) 36... Rb5 $17 37. Ra8+ Kd7 38. Ra7+ Kd6 39. Ra6+ (39. Bf3 $17) 39... Ke5 40. Rf6 $2 {This costs White the game.} (40. Ke2 $17) 40... Nf5 41. Bc6 $2 (41. Ba8) 41... Rb6 $19 {Black is clearly winning.} 42. Ke2 Ne7 43. Be8 Rxf6 44. gxf6 Kxf6 {KB-KN} 45. Kf3 Nf5 46. e4 Nd6 47. Bc6 Ke5 48. Ke3 g5 49. Kf3 f6 50. Ke3 Nc4+ {Weighted Error Value: White=0.55/Black=0.15 (very precise)} (50... a4 $142 51. Bxa4 Nxe4) 0-1

[Event "Charlotte Spring-B 2022"]
[Site "Charlotte"]
[Date "2022.03.19"]
[Round "5.4"]
[White "Mishra, Prateek"]
[Black "Plotkin, Mark"]
[Result "1-0"]
[WhiteElo "2128"]
[BlackElo "2400"]
[Annotator "TA"]
[PlyCount "111"]
[EventDate "2022.03.16"]
[EventType "tourn"]
[EventCountry "USA"]
[SourceTitle "playchess.com"]
[Source "ChessBase"]
[SourceQuality "1"]

{[%evp 16,111,44,37,64,74,83,52,58,51,68,49,48,43,52,46,41,53,43,43,64,53,85,85,75,21,26,17,45,40,169,172,167,169,178,137,149,145,186,161,267,222,215,223,283,231,275,309,424,415,418,416,407,400,590,588,601,588,1031,934,1214,1166,962,696,706,737,728,695,701,673,814,777,1314,1195,2286,1357,1312,1229,1081,1068,1367,1299,1061,1048,1093,963,1152,1138,1020,906,1162,1136,29976,1824,29991,29991,29992,29993]} 1. e4 e5 2. Nf3 Nf6 3. Nxe5 d6 4. Nf3 Nxe4 5. d4 Be7 6. Bd3 d5 7. O-O O-O 8. Re1 Nd6 {8...Bf5 is the modern continuation.} 9. Bf4 Bg4 {C42: Petroff Defence: 3 Nxe5 and unusual White 3rd moves.} 10. h3 Bh5 11. Nbd2 Nd7 {White is slightly better.} 12. c3 Nf6 {[#]} 13. Qc2 $146 {White is much more active. Black has bad knights.} (13. Qb3 {keeps more tension.} a5 14. Ne5 a4 15. Qc2 c6 16. Bg5) ({Predecessor:} 13. Qb3 Bg6 14. Bxg6 hxg6 15. Be5 c6 16. Bxd6 Bxd6 17. Qxb7 Rb8 18. Qxc6 Rxb2 19. Reb1 {1-0 (45) Krivokapic,M (2342)-Ilincic,Z (2451) Budapest 2007}) 13... Bg6 14. Bxg6 hxg6 15. Ne5 Re8 16. Re2 a5 17. a4 Ra6 18. Rae1 Nf5 19. g4 Nd6 20. f3 {To avoid Nde4} (20. Kg2 $16) 20... Nh7 $11 21. Nd3 $36 {[%mdl 2048] White is pushing.} Ra8 22. Qb3 Bh4 {Black cannot hold the game after this.} (22... g5 $14) 23. Rxe8+ $18 Nxe8 24. Re5 ({Avoid the trap} 24. Qxb7 $2 Bxe1 25. Nxe1 Rb8 $19) 24... Nd6 25. Qxd5 ({White should try} 25. Rxd5 $18 Nf6 26. Re5) 25... c6 $16 26. Qb3 Nf6 (26... Bg5 $16 27. Bxg5 Nxg5) 27. Re2 $18 Nfe8 (27... b5 $142 28. Bh2 g5) 28. Ne4 Nxe4 29. fxe4 {[%cal Bf3e4,Be4e5][%mdl 32]} ({But not} 29. Rxe4 $6 Nf6 $16) 29... Qe7 30. Kg2 Rd8 31. Nc5 Nd6 32. Bxd6 Qxd6 33. e5 Qe7 34. Qxb7 Qg5 (34... Qxb7 $142 35. Nxb7 Ra8) 35. Qxc6 Qc1 36. e6 {[#] White wants to mate with exf7+.} fxe6 37. Nxe6 {aiming for Qc7.} Qd1 38. Qc4 Rb8 39. Nf4+ {[%cal Be6f4,Bf4d3,Bd3c5,Bc5b7][%mdl 32]} Kh7 40. Qd3 {Prevents Qb1.} Qxd3 41. Nxd3 {[%mdl 4096] Endgame KRB-KRN} Bf6 42. d5 Kh6 43. Kf3 Kg5 44. Nc5 {[%cal Oh3h4] Threatens to win with h4+!} Kh4 45. Kg2 {Hoping for d6.} Rd8 46. Rd2 Be5 47. Nb7 {[%csl LRa5,LRd8]} Rb8 48. Nxa5 {Nc6 is the strong threat.} Bf4 49. Rc2 Re8 50. c4 Re3 51. Rc3 {Strongly threatening Rxe3.} Re1 52. Rf3 g5 53. Nc6 {Intending Nd4 and mate.} g6 {[#]} 54. Nd4 (54. Rxf4 $142 $1 Re3 (54... Re2+ 55. Rf2) 55. Rf3 Re2+ 56. Rf2 Re3 57. a5 Rg3+ 58. Kf1 Rd3 59. a6) 54... Rb1 55. Rxf4 {[%cal Rd4f3]} Rxb2+ 56. Rf2 {Weighted Error Value: White=0.18 (very precise) /Black=0.40} 1-0

[Event "Charlotte Spring-B 2022"]
[Site "Charlotte"]
[Date "2022.03.19"]
[Round "5.5"]
[White "Ngo, Bach"]
[Black "Almeida Saenz, Alfonso"]
[Result "1-0"]
[WhiteElo "2306"]
[BlackElo "2259"]
[Annotator "RC"]
[PlyCount "149"]
[EventDate "2022.03.16"]
[EventType "tourn"]
[EventCountry "USA"]
[SourceTitle "playchess.com"]
[Source "ChessBase"]
[SourceQuality "1"]
[TimeControl "5400+30"]

1. d4 {[%emt 1:31:00]} d5 {[%emt 1:31:00]} 2. Nf3 {[%emt 0:00:00]} Nf6 {[%emt 0:00:00]} 3. c4 {[%emt 0:00:00]} e6 {[%emt 0:00:00]} 4. Nc3 {[%emt 0:00:00]} c5 {[%emt 0:00:00]} 5. cxd5 {[%emt 0:00:00]} cxd4 {[%emt 0:00:00]} 6. Qxd4 {[%emt 0:00:00]} exd5 {[%emt 0:00:00]} 7. Bg5 {[%emt 0:00:00]} Be7 {[%emt 0:00:00]} 8. e3 {[%emt 0:00:00]} Nc6 {[%emt 0:00:00]} 9. Bb5 {[%emt 0:00:00]} O-O {[%emt 0:00:00]} 10. Qd3 {[%emt 0:00:00]} a6 {[%emt 0:00:00]} 11. Ba4 {[%emt 0:00:00]} Bg4 {[%emt 0:00:00]} 12. Bxc6 {[%emt 0:00:00]} bxc6 {[%emt 0:00:00]} 13. Ne5 {[%emt 0:00:00]} Qc8 {[%emt 0:00:00]} 14. Nxg4 {[%emt 0:00:00]} Qxg4 {[%emt 0:00:00]} 15. Bxf6 {[%emt 0:00:00]} Bxf6 {[%emt 0:00:00]} 16. O-O {[%emt 0:00:00]} Rfd8 {[%emt 0:00:00]} 17. Rac1 {[%emt 0:00:00]} d4 {[%emt 0:00:00]} 18. Qc4 {[%emt 0:00:00]} Rd6 {[%emt 0:00:00]} 19. Ne2 {[%emt 0:00:00]} h5 {[%emt 0:00:00]} 20. Nxd4 {[%emt 0:00:00]} Bxd4 {[%emt 0:00:00]} 21. exd4 {[%emt 0:00:00]} Rg6 {[%emt 0:00:00]} 22. g3 {[%emt 0:00:00]} h4 {[%emt 0:00:00]} 23. d5 {[%emt 0:00:00]} cxd5 {[%emt 0:00:00]} 24. Qxd5 {[%emt 0:00:00]} Rb8 {[%emt 0:00:00]} 25. Rc7 {[%emt 0:00:00]} Qe6 {[%emt 0:00:00]} 26. Qxe6 {[%emt 0:00:00]} Rxe6 {[%emt 0:00:00]} 27. Rc2 {[%emt 0:00:00]} h3 {[%emt 0:00:00]} 28. Rfc1 {[%emt 0:00:00]} Rb5 {[%emt 0:00:00]} 29. Kf1 {[%emt 0:00:00]} g6 {[%emt 0:00:00]} 30. b3 {[%emt 0:00:00]} Ra5 {[%emt 0:00:00]} 31. Rd1 {[%emt 0:00:00]} Kg7 {[%emt 0:00:00]} 32. Rdd2 {[%emt 0:00:00]} g5 {[%emt 0:00:00]} 33. f3 {[%emt 0:00:00]} Kg6 {[%emt 0:00:00]} 34. Kf2 {[%emt 0:00:00]} Rf5 {[%emt 0:00:00]} 35. g4 {[%emt 0:00:00]} Rf4 {[%emt 0:00:00]} 36. Rc4 {[%emt 0:00:00]} Rff6 {[%emt 0:00:00]} 37. Rc3 {[%emt 0:00:00]} Re4 {[%emt 0:00:00]} 38. Kg3 {[%emt 0:00:00]} Re1 {[%emt 0:00:00]} 39. Kxh3 {[%emt 0:00:00]} Rg1 {[%emt 0:00:00]} 40. Rg2 {[%emt 0:00:00]} Rf1 {[%emt 0:00:00]} 41. Kg3 {[%emt 0:00:00]} Rd6 {[%emt 0:00:00]} 42. Rgc2 {[%emt 0:00:00]} Rg1+ {[%emt 0:00:00]} 43. Kf2 {[%emt 0:00:00]} Rdd1 {[%emt 0:00:00]} 44. Ke3 {[%emt 0:00:00]} Rde1+ {[%emt 0:00:00]} 45. Kd4 {[%emt 0:00:00]} Rd1+ {[%emt 0:00:00]} 46. Kc5 {[%emt 0:00:00]} f5 {[%emt 0:00:00]} 47. Kb6 {[%emt 0:00:00]} fxg4 {[%emt 0:00:00]} 48. fxg4 {[%emt 0:00:00]} Rxg4 {[%emt 0:00:00]} 49. Kxa6 {[%emt 0:00:00]} Rb4 {[%emt 0:00:00]} 50. Rc6+ {[%emt 0:00:00]} Kh5 {[%emt 0:00:00]} 51. Rb6 {[%emt 0:00:00]} Rh4 {[%emt 0:00:00]} 52. Rb8 {[%emt 0:00:00]} Rd6+ {[%emt 0:00:00]} 53. Kb5 {[%emt 0:00:00]} Rf4 {[%emt 0:00:00]} 54. b4 {[%emt 0:00:00]} Rd5+ {[%emt 0:00:00]} 55. Kc6 {[%emt 0:00:00]} Re5 {[%emt 0:00:00]} 56. b5 {[%emt 0:00:00]} Rf6+ {[%emt 0:00:00]} 57. Kd7 {[%emt 0:00:00]} Rf7+ {[%emt 0:00:00]} 58. Kd6 {[%emt 0:00:00]} Rfe7 {[%emt 0:00:00]} 59. b6 {[%emt 0:00:00]} R7e6+ {[%emt 0:00:00]} 60. Kd7 {[%emt 0:00:00]} Re7+ {[%emt 0:00:00]} 61. Kc6 {[%emt 0:00:00]} R7e6+ {[%emt 0:00:00]} 62. Kb7 {[%emt 0:00:00]} Ra5 {[%emt 0:00:00]} 63. Rbc8 {[%emt 0:00:00]} Kh4 {[%emt 0:00:00]} 64. R8c6 {[%emt 0:00:00]} Re7+ {[%emt 0:00:00]} 65. Rc7 {[%emt 0:00:00]} Re6 {[%emt 0:00:00]} 66. Rb2 {[%emt 0:00:00]} g4 {[%emt 0:00:00]} 67. Kb8 {[%emt 0:00:00]} Rf6 {[%emt 0:00:00]} 68. Rd7 {[%emt 0:03:37]} Rf8+ {[%emt 0:00:00]} 69. Kc7 {[%emt 0:00:37]} Rc5+ {[%emt 0:00:00]} 70. Kd6 {[%emt 0:00:20]} Rcf5 {[%emt 0:00:00]} 71. b7 {[%emt 0:00:36]} R8f6+ {[%emt 0:00:00]} 72. Ke7 {[%emt 0:00:21]} Rf7+ {[%emt 0:00:00]} 73. Kd8 {[%emt 0:00:13]} Rf8+ {[%emt 0:00:00]} 74. Kc7 {[%emt 0:00:07]} Rc5+ {[%emt 0:00:00]} 75. Kd6 {[%emt 0:00:12]} 1-0